লোডিং...

ഒരു മലയാളി ഹിജഡയുടെ ആത്മകഥ

গ্রন্থ-পঞ্জীর বিবরন
প্রধান লেখক: ജെറീന, Jereena
বিন্যাস: Printed Book
প্রকাশিত: Calicut; Papirus; 2006
সংস্করন:1st
বিষয়গুলি:
LEADER 00673nam a22001817a 4500
082 |a JER/O P6  |b 920 
100 |a ജെറീന   |9 230386 
100 |a Jereena  |9 230387 
240 |a Oru Malayali Hijadayude AthmaKatha 
245 |a ഒരു മലയാളി ഹിജഡയുടെ ആത്മകഥ 
250 |a 1st 
260 |a Calicut;  |b Papirus;  |c 2006 
300 |a 127p. 
650 |a മലയാളം ; ആത്മകഥ  |9 230388 
650 |a Malayalam; Autobiography   |9 230389 
942 |c BK 
999 |c 55971  |d 55971 
952 |0 0  |1 0  |4 0  |6 920_000000000000000_JER_O_P5  |7 0  |8 Auto  |9 66867  |a MAL  |b MAL  |d 2016-07-13  |e 48447  |l 0  |o 920 JER/O P5  |p MAL048447  |r 2016-07-13  |t 1  |w 2016-07-13  |y BK